Activity declines at fastest pace since September 2011 (Record no. 114415)
[ view plain ]
| 000 -LEADER | |
|---|---|
| fixed length control field | 00957cad a22002055a 4500 |
| 001 - CONTROL NUMBER | |
| control field | L156789 |
| 008 - FIXED-LENGTH DATA ELEMENTS--GENERAL INFORMATION | |
| fixed length control field | 120716e20120213xxk f 000 0 eng d |
| 035 ## - SYSTEM CONTROL NUMBER | |
| System control number | (Sirsi) u156789 |
| 041 0# - LANGUAGE CODE | |
| Language code of text/sound track or separate title | eng |
| 110 2# - MAIN ENTRY--CORPORATE NAME | |
| Corporate name or jurisdiction name as entry element | Markit |
| 9 (RLIN) | 5915 |
| 245 00 - TITLE STATEMENT | |
| Title | Activity declines at fastest pace since September 2011 |
| Medium | [electronic resource] |
| 260 ## - PUBLICATION, DISTRIBUTION, ETC. | |
| Date of publication, distribution, etc. | 2012 |
| 490 ## - SERIES STATEMENT | |
| Series statement | Ulster Bank Construction PMI Report News Release |
| Volume/sequential designation | 9 July 2012 |
| 520 ## - SUMMARY, ETC. | |
| Summary, etc. | The downturn in the Irish construction sector showed signs of deepening in June as both activity and new business decreased at faster rates. In response to lower workloads, firms in the Republic of Ireland cut their purchasing activity and employment further. |
| 590 ## - LOCAL NOTE (RLIN) | |
| Local note | KA |
| 651 #4 - SUBJECT ADDED ENTRY--GEOGRAPHIC NAME | |
| Geographic name | Ireland (Republic of) |
| Chronological subdivision | |
| 690 ## - LOCAL SUBJECT ADDED ENTRY--TOPICAL TERM (OCLC, RLIN) | |
| Topical term or geographic name as entry element | Construction management |
| 9 (RLIN) | 6230 |
| 856 40 - ELECTRONIC LOCATION AND ACCESS | |
| Uniform Resource Identifier | <a href="https://www.markiteconomics.com/MarkitFiles/Pages/ViewPressRelease.aspx?ID=9798">https://www.markiteconomics.com/MarkitFiles/Pages/ViewPressRelease.aspx?ID=9798</a> |
| Public note | View this item free of charge at www.markiteconomics.com |
| 942 ## - ADDED ENTRY ELEMENTS (KOHA) | |
| Suppress in OPAC | 0 |
| Withdrawn status | Lost status | Source of classification or shelving scheme | Damaged status | Not for loan | Home library | Current library | Shelving location | Date acquired | Total Checkouts | Full call number | Barcode | Date last seen | Copy number | Price effective from | Koha item type |
|---|---|---|---|---|---|---|---|---|---|---|---|---|---|---|---|
| Dewey Decimal Classification | Virtual | Virtual | Online | 16/07/2012 | ONLINE PUBLICATION | 156789-2001 | 06/08/2019 | 1 | 06/08/2019 | Book |